Capitali che iniziano con la K - Statistics

Statistiche generali
  • Questo quiz è stato fatto 71 volte
  • Il punteggio medio è 7 su 10
Statistiche sulle risposte
Popolazione (ab.) Continente Capitale % Corretto
2 967 360 Europa Kiev
92%
937 700 America del Nord Kingston
86%
17 855 000 Africa Kinshasa
80%
24 518 America del Nord Kingstown
76%
1 796 200 Asia Kuala Lumpur
76%
1 744 240 Asia Katmandu
69%
1 507 080 Africa Kampala
63%
1 132 686 Africa Kigali
63%
4 273 000 Asia Kabul
59%
639 598 Africa Khartum
59%
Nessun quiz corrispondente trovato
Distribuzione punteggi
Percentuale di utenti per punteggio
Percentile per numero di risposta
I tuoi punteggi nel tempo
Non hai fatto questo quiz